[Event "VII Lorca Open 2018"]
[Site "Lorca"]
[Date "2018.12.31"]
[Round "9"]
[White "Arjun Kalyan"]
[Black "Manu David Suthandram R"]
[Result "1-0"]
[WhiteElo "2406"]
[BlackElo "2153"]
[Annotator "NA"]
[PlyCount "22"]
[EventDate "2018.12.26"]
[EventType "swiss"]
[EventCountry "ESP"]
[SourceTitle "playchess.com"]
[Source "ChessBase"]
[SourceQuality "1"]
[TimeControl "5400+30"]

1. e4 {[%emt 0:00:00]} c5 {[%emt 0:00:15]} 2. Nf3 {[%emt 0:00:00]} Nc6 {[%emt 0:00:06]} 3. d4 {[%emt 0:00:00]} cxd4 {[%emt 0:00:04]} 4. Nxd4 {[%emt 0:00:00]} e5 {[%emt 0:00:05]} 5. Nb5 {[%emt 0:00:00]} d6 {[%emt 0:00:05]} 6. N1c3 {[%emt 0:00:00]} a6 {[%emt 0:00:04]} 7. Na3 {[%emt 0:00:06]} Be6 {[%emt 0:00:04]} 8. Nc4 {[%emt 0:00:24]} Nf6 {[%emt 0:00:07]} 9. Bg5 {[%emt 0:02:21]} Nd4 {[%emt 0:01:21]} 10. Nd5 {[%emt 0:01:24]} Bxd5 {[%emt 0:08:28]} 11. exd5 {[%emt 0:00:05]} b5 {[%emt 0:05:56]} 1-0

[Event "VII Lorca Open 2018"]
[Site "Lorca"]
[Date "2018.12.31"]
[Round "9"]
[White "Domingo Nunez, Alejandro"]
[Black "Luch, Michal"]
[Result "0-1"]
[WhiteElo "2404"]
[BlackElo "2360"]
[Annotator "NA"]
[PlyCount "20"]
[EventDate "2018.12.26"]
[EventType "swiss"]
[EventCountry "ESP"]
[SourceTitle "playchess.com"]
[Source "ChessBase"]
[SourceQuality "1"]
[TimeControl "5400+30"]

1. e4 {[%emt 0:00:00]} c5 {[%emt 0:00:00]} 2. Nf3 {[%emt 0:00:00]} e6 {[%emt 0:00:00]} 3. g3 {[%emt 0:00:04]} Nc6 {[%emt 0:02:28]} 4. Bg2 {[%emt 0:00:28]} Nf6 {[%emt 0:00:47]} 5. Qe2 {[%emt 0:00:49]} d6 {[%emt 0:00:33]} 6. O-O {[%emt 0:00:08]} Be7 {[%emt 0:00:05]} 7. c3 {[%emt 0:01:34]} O-O {[%emt 0:00:17]} 8. Rd1 {[%emt 0:00:51]} Qb6 {[%emt 1:29:50]} 9. d3 Qa6 10. Nbd2 b5 {[%emt 0:00:00]} 0-1

[Event "VII Lorca Open 2018"]
[Site "Lorca"]
[Date "2018.12.31"]
[Round "9"]
[White "Medarde Santiago, Luis Marcos"]
[Black "Sreeshwan Maralakshikari"]
[Result "0-1"]
[WhiteElo "2386"]
[BlackElo "2244"]
[Annotator "NA"]
[PlyCount "34"]
[EventDate "2018.12.26"]
[EventType "swiss"]
[EventCountry "ESP"]
[SourceTitle "playchess.com"]
[Source "ChessBase"]
[SourceQuality "1"]
[TimeControl "5400+30"]

1. e4 {[%emt 0:01:03]} c6 {[%emt 0:00:00]} 2. d4 {[%emt 0:00:13]} d5 {[%emt 0:00:00]} 3. Nc3 {[%emt 0:00:47]} dxe4 {[%emt 0:00:00]} 4. Nxe4 {[%emt 0:00:03]} Bf5 {[%emt 0:00:03]} 5. Ng3 {[%emt 0:00:09]} Bg6 {[%emt 0:00:04]} 6. h4 {[%emt 0:00:28]} h6 {[%emt 0:00:03]} 7. Nf3 {[%emt 0:00:19]} Nf6 {[%emt 0:00:02]} 8. Ne5 {[%emt 0:00:34]} Bh7 {[%emt 0:00:04]} 9. Bc4 {[%emt 0:00:16]} e6 {[%emt 0:00:08]} 10. Qe2 {[%emt 0:00:08]} Nd5 {[%emt 0:00:04]} 11. Qf3 {[%emt 0:00:05]} Qe7 {[%emt 0:03:12]} 12. Bd2 {[%emt 0:05:08]} Nd7 {[%emt 0:00:16]} 13. O-O-O {[%emt 0:00:13]} Nxe5 {[%emt 0:00:21]} 14. dxe5 {[%emt 0:00:02]} Qc7 {[%emt 0:00:23]} 15. Rhe1 {[%emt 0:00:45]} O-O-O {[%emt 0:01:44]} 16. Ne4 {[%emt 0:02:17]} Bxe4 {[%emt 0:01:19]} 17. Qxe4 {[%emt 0:01:36]} Bc5 {[%emt 0:00:08]} 0-1

[Event "VII Lorca Open 2018"]
[Site "Lorca"]
[Date "2018.12.31"]
[Round "9"]
[White "Low, Zhen Yu Cyrus"]
[Black "Martin Duque, Jesus"]
[Result "0-1"]
[WhiteElo "2384"]
[BlackElo "2354"]
[Annotator "NA"]
[PlyCount "30"]
[EventDate "2018.12.26"]
[EventType "swiss"]
[EventCountry "ESP"]
[SourceTitle "playchess.com"]
[Source "ChessBase"]
[SourceQuality "1"]
[TimeControl "5400+30"]

1. e4 {[%emt 0:00:00]} c5 {[%emt 0:03:36]} 2. Nf3 {[%emt 0:00:00]} e6 {[%emt 0:00:03]} 3. d4 {[%emt 0:00:00]} cxd4 {[%emt 0:00:02]} 4. Nxd4 {[%emt 0:00:03]} Nc6 {[%emt 0:00:01]} 5. Nc3 {[%emt 0:00:10]} Qc7 {[%emt 0:00:02]} 6. Be3 {[%emt 0:00:09]} a6 {[%emt 0:00:01]} 7. Qf3 {[%emt 0:00:10]} Nf6 {[%emt 0:00:04]} 8. O-O-O {[%emt 0:00:07]} Ne5 {[%emt 0:00:05]} 9. Qg3 {[%emt 0:00:07]} b5 {[%emt 0:00:05]} 10. f4 {[%emt 0:00:06]} Neg4 {[%emt 0:00:08]} 11. Bg1 {[%emt 0:00:07]} b4 {[%emt 0:00:12]} 12. Na4 {[%emt 0:00:05]} Nh6 {[%emt 0:00:15]} 13. e5 {[%emt 0:00:35]} Nd5 {[%emt 0:00:06]} 14. Kb1 {[%emt 0:07:24]} Bb7 {[%emt 0:02:40]} 15. Bd3 {[%emt 0:01:03]} g6 {[%emt 0:02:09]} 0-1

[Event "VII Lorca Open 2018"]
[Site "Lorca"]
[Date "2018.12.30"]
[Round "9"]
[White "Valmana Canto, Jaime"]
[Black "Grigoryan, Karen H."]
[Result "1/2-1/2"]
[WhiteElo "2359"]
[BlackElo "2557"]
[Annotator "TA"]
[PlyCount "20"]
[EventDate "2018.12.26"]
[EventType "swiss"]
[EventCountry "ESP"]
[SourceTitle "playchess.com"]
[Source "ChessBase"]
[SourceQuality "1"]

{[%evp 17,20,0,0,0,39]} 1. d4 d5 2. c4 c6 3. cxd5 cxd5 4. Nc3 Nf6 5. Bf4 Nc6 {[%cal Bb8c6,Bc6a5,Ba5c4][%mdl 32]} 6. e3 Bg4 7. Qb3 {D10: Slav Defence: 3 cxd5 (without early Nf3) and 3 Nc3} Na5 8. Qa4+ Bd7 9. Qd1 Rc8 {LiveBook: 6 Games} 10. Nf3 Nc4 $146 ({Predecessor:} 10... e6 11. Bd3 Nc4 12. Qe2 Qa5 13. Bxc4 Rxc4 14. O-O Bb4 15. Ne5 Rc8 {1-0 (48) Mamedyarov,S (2761)-Rapport,R (2752) Baku 2016}) 1/2-1/2

[Event "VII Lorca Open 2018"]
[Site "Lorca"]
[Date "2018.12.31"]
[Round "9"]
[White "Guerra Rivera, Salvador"]
[Black "Merario Alarcon, Andres"]
[Result "1/2-1/2"]
[WhiteElo "2343"]
[BlackElo "2404"]
[Annotator "NA"]
[PlyCount "27"]
[EventDate "2018.12.26"]
[EventType "swiss"]
[EventCountry "ESP"]
[SourceTitle "playchess.com"]
[Source "ChessBase"]
[SourceQuality "1"]
[TimeControl "5400+30"]

1. e4 {[%emt 0:00:00]} Nf6 {[%emt 0:00:00]} 2. e5 {[%emt 0:00:04]} Nd5 {[%emt 0:00:00]} 3. c4 {[%emt 0:00:26]} Nb6 {[%emt 0:00:00]} 4. d4 {[%emt 0:00:07]} d6 {[%emt 0:00:16]} 5. exd6 {[%emt 0:00:10]} cxd6 {[%emt 0:00:10]} 6. Nc3 {[%emt 0:00:19]} g6 {[%emt 0:00:23]} 7. a4 {[%emt 0:00:12]} Bg7 {[%emt 0:01:08]} 8. a5 {[%emt 0:00:09]} N6d7 {[%emt 0:00:03]} 9. Ra3 {[%emt 0:00:37]} O-O {[%emt 0:01:43]} 10. Nf3 {[%emt 0:00:23]} Nf6 {[%emt 0:00:06]} 11. Be2 {[%emt 0:02:09]} d5 {[%emt 0:00:45]} 12. Ne5 {[%emt 0:04:04]} Nc6 {[%emt 0:00:22]} 13. Nxc6 {[%emt 0:02:37]} bxc6 {[%emt 0:00:02]} 14. O-O {[%emt 0:00:44]} 1/2-1/2

[Event "VII Lorca Open 2018"]
[Site "Lorca"]
[Date "2018.12.30"]
[Round "9"]
[White "Gines Esteo, Pedro Antonio"]
[Black "Franco Ocampos, Zenon"]
[Result "1-0"]
[WhiteElo "2339"]
[BlackElo "2477"]
[Annotator "TA"]
[PlyCount "28"]
[EventDate "2018.12.26"]
[EventType "swiss"]
[EventCountry "ESP"]
[SourceTitle "playchess.com"]
[Source "ChessBase"]
[SourceQuality "1"]

{[%evp 20,28,11,18,180,171,164,145,141,147,158]} 1. d4 Nf6 2. Nf3 e6 3. e3 b6 4. Bd3 Bb7 5. O-O d5 6. c4 Nbd7 7. Nc3 Bd6 8. cxd5 {E14: Queen's Indian: Classical Variation (4 e3)} exd5 9. Qc2 a6 10. e4 dxe4 11. Nxe4 {LiveBook: 9 Games} Nd5 $146 {[#]} (11... O-O $11 {and Black stays safe.}) ({Predecessor:} 11... O-O 12. Nxd6 cxd6 13. Bf4 Rc8 14. Qb3 Nb8 15. Bf5 Bd5 {1-0 (34) Mamedyarov,S (2662)-Alekseev,E (2606) Lausanne 2004}) 12. Re1 $1 $18 {White is clearly better.} Kf8 13. Qb3 N7f6 14. Ne5 h6 1-0

[Event "VII Lorca Open 2018"]
[Site "Lorca"]
[Date "2018.12.31"]
[Round "9"]
[White "Espineira Gonzalez, Diego"]
[Black "Nasuta, Grzegorz"]
[Result "0-1"]
[WhiteElo "2299"]
[BlackElo "2530"]
[Annotator "TA"]
[PlyCount "138"]
[EventDate "2018.12.26"]
[EventType "swiss"]
[EventCountry "ESP"]
[SourceTitle "playchess.com"]
[Source "ChessBase"]
[SourceQuality "1"]

{[%evp 27,138,0,10,9,14,8,18,0,9,5,12,0,0,0,0,0,0,-9,-9,-9,-8,-30,-15,-50,-45,-48,-51,-127,0,0,0,0,0,-25,-30,-46,-59,-80,-84,-75,-76,-62,-53,-53,-64,-78,-69,-73,-57,-52,-40,-79,-82,-102,-71,-73,-80,-103,-82,-77,-50,-95,-83,-103,-99,-98,-73,-167,-174,-167,-162,-290,-134,-197,-206,-175,-131,-355,-346,-337,-348,-360,-362,-410,-347,-336,-323,-403,-374,-428,-435,-525,-527,-466,-470,-508,-483,-553,-554,-737,-618,-718,-717,-685,-664,-1112,-1112,-1050,-1085,-982,-834,-1485,-1477]} 1. e4 e5 2. Nf3 Nc6 3. Nc3 Nf6 4. d4 exd4 5. Nxd4 Bb4 6. Nxc6 bxc6 7. Bd3 d5 8. exd5 O-O 9. O-O cxd5 10. Bg5 c6 11. Qf3 Bd6 12. Bxf6 Qxf6 13. Qxf6 {C47: Scotch Four Knights and Four Knights with 4 g3} gxf6 14. Ne2 Be5 {LiveBook: 3 Games} (14... Bd7 15. Ng3 Rfe8 16. Nf5 Bxf5 17. Bxf5 Re7 18. Rfe1 Rae8 19. Rxe7 Rxe7 20. Kf1 h6 {½-½ (30) Ni,H (2674)-Wang,Y (2706) China 2017}) 15. Rab1 {The position is equal.} Be6 $146 ({Predecessor:} 15... Rd8 16. f4 Bc7 17. Ng3 c5 18. b3 Rb8 19. Rbd1 Ba5 20. h3 Bb7 21. Kh2 Bc6 22. Nh5 Rd6 23. Rf3 Kh8 24. Rg3 Rg8 25. Rg4 {½-½ (25) Rasmussen,A (2538)-Pedersen,S (2417) Odense 2011}) 16. f4 Bc7 17. b3 Kh8 18. Kh1 Bb6 19. f5 Bd7 20. c4 Rae8 21. cxd5 cxd5 22. Rbd1 Rg8 23. Nf4 Bc6 24. Nh5 Bd4 25. Rfe1 Be5 26. Rc1 Bb7 27. h3 (27. Rc2 $15) 27... Rd8 (27... d4 $17 28. Rc2 Re7) 28. Kg1 $11 d4 29. g4 Rc8 30. Rc4 Bd5 $36 {[%mdl 2048] Black is pushing.} 31. Rxc8 Rxc8 32. Kf2 {Black should prevent g5!} Rc3 33. Ke2 Bg2 34. Kd2 h6 35. h4 Bf3 36. Rf1 Bxg4 37. Nf4 $1 a5 38. Ne2 Rc7 39. Rg1 Bf3 40. Rf1 Bg2 41. Rg1 Bd5 42. Rf1 Ra7 43. Nf4 Bc6 44. Bc4 Kg7 45. Kd3 Re7 46. Rf2 Bb8 47. Nh5+ (47. Re2 $17 Be5 48. Rf2) 47... Kf8 $19 48. Nxf6 Re3+ 49. Kd2 (49. Kc2 {was forced.}) 49... Bd6 (49... Bg3 $19 {is more deadly.} 50. Rf1 Bxh4) 50. Bd3 (50. Kd1 $17 {was necessary.}) 50... Rh3 51. h5 Be5 52. Ng4 $2 {[#]} (52. Be4 $17 {was worth a try.}) 52... Bg3 53. Rf1 Rxh5 54. Be2 {If White can now play Ne5! this consolidates a bit.} Rh4 55. Nf6 Be5 56. Ng4 Bd6 57. a4 Rh3 58. Bd3 Bb7 {Black is clearly winning.} 59. Rg1 h5 {[%cal Bh6h5,Bh5h4,Bh4h3][%mdl 32]} 60. Nf6 h4 61. Nh7+ Ke8 62. Rg8+ Kd7 63. Rg7 Rh2+ 64. Kc1 h3 65. Rxf7+ Kc8 66. Ng5 Bf4+ {[%mdl 64] [#] Double Attack} 67. Kb1 Bxg5 68. Rf8+ Bd8 {Strongly threatening ...Rf2.} 69. f6 Rf2 {Accuracy: White = 34%, Black = 59%.} 0-1

[Event "VII Lorca Open 2018"]
[Site "Lorca"]
[Date "2018.12.30"]
[Round "9"]
[White "Terbe, Julianna"]
[Black "Ramiro Ovejero, Juan Luis"]
[Result "1/2-1/2"]
[WhiteElo "2272"]
[BlackElo "2358"]
[Annotator "NA"]
[PlyCount "34"]
[EventDate "2018.12.26"]
[EventType "swiss"]
[EventCountry "ESP"]
[SourceTitle "playchess.com"]
[Source "ChessBase"]
[SourceQuality "1"]
[TimeControl "5400+30"]

1. d4 {[%emt 0:00:48]} d5 {[%emt 0:10:12]} 2. Bf4 {[%emt 0:00:30]} Nf6 {[%emt 0:00:30]} 3. e3 {[%emt 0:00:30]} e6 {[%emt 0:00:30]} 4. Nf3 {[%emt 0:00:30]} Bd6 {[%emt 0:00:30]} 5. Bg3 {[%emt 0:00:30]} c5 {[%emt 0:00:30]} 6. c3 {[%emt 0:00:30]} O-O {[%emt 0:00:30]} 7. Nbd2 {[%emt 0:00:30]} Nc6 {[%emt 0:00:30]} 8. Bb5 {[%emt 0:00:30]} Ne7 {[%emt 0:00:30]} 9. Bd3 {[%emt 0:00:30]} cxd4 {[%emt 0:00:30]} 10. exd4 {[%emt 0:00:30]} Nf5 {[%emt 0:00:30]} 11. Bxd6 {[%emt 0:00:30]} Nxd6 {[%emt 0:00:30]} 12. a4 {[%emt 0:00:30]} a5 {[%emt 0:00:30]} 13. O-O {[%emt 0:00:30]} h6 {[%emt 0:00:30]} 14. Qe2 {[%emt 0:00:30]} Bd7 {[%emt 0:00:30]} 15. Ne5 {[%emt 0:00:30]} Qc8 {[%emt 0:00:30]} 16. f4 {[%emt 0:00:30]} Nfe4 {[%emt 0:00:30]} 17. Bxe4 {[%emt 0:00:30]} dxe4 {[%emt 0:00:30]} 1/2-1/2

[Event "VII Lorca Open 2018"]
[Site "Lorca"]
[Date "2018.12.30"]
[Round "9"]
[White "Jimenez Ruano, Adrian"]
[Black "Morozov, Nichita"]
[Result "*"]
[WhiteElo "2245"]
[BlackElo "2439"]
[Annotator "TA"]
[PlyCount "33"]
[EventDate "2018.12.26"]
[EventType "swiss"]
[EventCountry "ESP"]
[SourceTitle "playchess.com"]
[Source "ChessBase"]
[SourceQuality "1"]

{[%evp 17,18,26,26]} 1. d4 Nf6 2. c4 e6 3. Nc3 Bb4 4. e3 Bxc3+ 5. bxc3 b6 6. Nf3 Bb7 7. Bd3 c5 8. O-O O-O 9. Nd2 Nc6 {LiveBook: 29 Games. E43: Nimzo-Indian: Rubinstein: 4...b6} {Predecessor:} 10. Re1 $146 d6 11. f3 Rc8 12. Bb2 Ba6 13. Qe2 Qd7 14. e4 Na5 15. Rac1 e5 16. Nf1 Nh5 17. g3 {½-½ (53) Agdestein,S (2581)-Vitiugov,N (2734) Helsingor 2018} *

[Event "VII Lorca Open 2018"]
[Site "Lorca"]
[Date "2018.12.31"]
[Round "9"]
[White "Martinez Fernandez, Adrian"]
[Black "Ibarra Jerez, Jose Carlos"]
[Result "1/2-1/2"]
[WhiteElo "2212"]
[BlackElo "2558"]
[Annotator "TA"]
[PlyCount "31"]
[EventDate "2018.12.26"]
[EventType "swiss"]
[EventCountry "ESP"]
[SourceTitle "playchess.com"]
[Source "ChessBase"]
[SourceQuality "1"]

{[%evp 24,27,14,18,25,5]} 1. e4 c5 2. Nf3 e6 3. Nc3 Nc6 4. d4 cxd4 5. Nxd4 Qc7 6. Be3 a6 7. Qd2 Nf6 8. O-O-O Be7 {B48: Sicilian: Taimanov: 5 Nc3 Qc7 6 Be3 a6 without Be2} 9. f3 b5 10. g4 Nxd4 11. Bxd4 b4 12. Na4 Rb8 13. Kb1 {LiveBook: 4 Games} O-O 14. Qf2 {[#]} {Predecessor:} d5 $146 15. e5 Nd7 16. f4 {0-1 (40) Kanarek,M (2483)-Vidit,S (2565) Kocaeli 2013} 1/2-1/2

[Event "VII Lorca Open 2018"]
[Site "Lorca"]
[Date "2018.12.30"]
[Round "9"]
[White "Ajay Karthikeyan"]
[Black "Sabuk, Piotr"]
[Result "1/2-1/2"]
[WhiteElo "2143"]
[BlackElo "2391"]
[Annotator "NA"]
[PlyCount "29"]
[EventDate "2018.12.26"]
[EventType "swiss"]
[EventCountry "ESP"]
[SourceTitle "playchess.com"]
[Source "ChessBase"]
[SourceQuality "1"]
[TimeControl "5400+30"]

1. d4 {[%emt 0:11:18]} Nf6 2. Bf4 {[%emt 0:00:30]} d5 3. e3 {[%emt 0:00:30]} e6 4. Nf3 {[%emt 0:00:30]} c5 5. c3 {[%emt 0:00:30]} Nc6 6. Nbd2 {[%emt 0:00:30]} cxd4 7. exd4 {[%emt 0:00:30]} Nh5 8. Be3 {[%emt 0:00:30]} Bd6 9. Ne5 {[%emt 0:00:30]} g6 10. Bb5 {[%emt 0:00:30]} O-O 11. Bxc6 {[%emt 0:00:30]} bxc6 12. O-O {[%emt 0:00:30]} f6 13. Nxc6 {[%emt 0:00:30]} Qc7 14. Nb4 {[%emt 0:00:30]} Bxh2+ 15. Kh1 {[%emt 0:00:30]} 1/2-1/2

[Event "VII Lorca Open 2018"]
[Site "Lorca"]
[Date "2018.12.31"]
[Round "9"]
[White "Korneev Leskova, Svyatoslav"]
[Black "Nayhebaver, Martin"]
[Result "0-1"]
[WhiteElo "2134"]
[BlackElo "2460"]
[Annotator "TA"]
[PlyCount "23"]
[EventDate "2018.12.26"]
[EventType "swiss"]
[EventCountry "ESP"]
[SourceTitle "playchess.com"]
[Source "ChessBase"]
[SourceQuality "1"]

{[%evp 20,23,18,13,34,0]} 1. c4 b6 2. Nf3 Bb7 3. g3 e6 4. Bg2 Nf6 5. b3 Be7 6. O-O O-O 7. Bb2 d5 8. cxd5 exd5 9. d4 c5 10. Nc3 Na6 11. e3 {LiveBook: 4 Games. E17: Queen's Indian: 4 g3 Bb7 5 Bg2 Be7} (11. Rc1 Re8 12. e3 Bf8 13. Re1 Nc7 14. Re2 Qe7 15. dxc5 bxc5 16. Na4 Ne6 17. Rec2 Rac8 18. Ba3 Nd7 19. Nh4 Qd6 {1-0 (65) Ding,L (2766)-Ponomariov,R (2712) Huaian 2016}) 11... Re8 12. Qd2 $146 {[%mdl 32768] Loss on time!?} ({Predecessor:} 12. Re1 Nc7 13. Re2 Bf8 14. dxc5 bxc5 15. Rd2 Qe7 16. Rc1 Rad8 17. Ba3 Ne6 18. Nh4 d4 19. Nf5 Qd7 20. Bxb7 Qxb7 21. exd4 cxd4 22. Nb1 Ng5 23. h3 Nf3+ {0-1 (23) Gochelashvili,D (2432)-Sakaev,K (2594) Sochi 2017}) 0-1